[Event "CZE-chT2 9900"]
[Site "Czech Republic"]
[Date "2000.??.??"]
[Round "?"]
[White "Domlatil, Jiri"]
[Black "Kawaciukova, Zuzana"]
[Result "0-1"]
[WhiteElo "2083"]
[BlackElo "2096"]
[PlyCount "72"]
[EventDate "1999.??.??"]
[EventType "team"]
[EventRounds "11"]
[EventCountry "CZE"]
[SourceTitle "EXT 2001"]
[Source "ChessBase"]
[SourceDate "2000.11.22"]
[SourceVersion "1"]
[SourceVersionDate "2000.11.22"]
[SourceQuality "1"]

1. e4 c5 2. Nc3 e6 3. g3 Nc6 4. Bg2 a6 5. a4 g6 6. d3 Bg7 7. Nge2 Nge7 8. Be3 d6 9. Qd2 Nd4 10. 0-0 0-0 11. Ra3 Qc7 12. Rc1 Bd7 13. Nd1 Rac8 14. c3 Nxe2+ 15. Qxe2 Qb8 16. f4 Rfe8 17. Bf2 d5 18. Raa1 b5 19. axb5 axb5 20. e5 c4 21. Ra6 Nc6 22. Rca1 Qc7 23. Bb6 Qb7 24. Qe3 Bf8 25. f5 Ra8 26. Rxa8 Rxa8 27. Rxa8 Qxa8 28. f6 cxd3 29. Bf1 Qa1 30. Qxd3 Nxe5 31. Qe2 Nc4 32. Bd4 h5 33. g4 e5 34. gxh5 exd4 35. hxg6 fxg6 36. Bg2 Ne3 0-1

[Event "CZE-chT2 9900"]
[Site "Czech Republic"]
[Date "2000.??.??"]
[Round "?"]
[White "Falout, Lubos"]
[Black "Kawaciukova, Zuzana"]
[Result "1-0"]
[WhiteElo "2168"]
[BlackElo "2096"]
[PlyCount "59"]
[EventDate "1999.??.??"]
[EventType "team"]
[EventRounds "11"]
[EventCountry "CZE"]
[SourceTitle "EXT 2001"]
[Source "ChessBase"]
[SourceDate "2000.11.22"]
[SourceVersion "1"]
[SourceVersionDate "2000.11.22"]
[SourceQuality "1"]

1. e4 c5 2. d4 cxd4 3. c3 dxc3 4. Nxc3 Nc6 5. Bc4 g6 6. Nf3 Bg7 7. 0-0 d6 8. Bf4 Bd7 9. Qd2 Nf6 10. a3 0-0 11. Rfe1 Rc8 12. Ba2 a6 13. Rad1 b5 14. h3 Qa5 15. Bh6 Rfe8 16. Bxg7 Kxg7 17. Ng5 Ne5 18. f4 Nc4 19. Bxc4 Rxc4 20. e5 Nh5 21. exd6 Qb6+ 22. Kh2 exd6 23. Nd5 Qc5 24. b4 Qc6 25. Qb2+ f6 26. Rxe8 Bxe8 27. Ne6+ Kh8 28. Rd2 Bf7 29. Nxf6 Ng7 30. Ne8 1-0

[Event "CZE-chTV 0001"]
[Site "Czech Republic"]
[Date "2000.??.??"]
[Round "6"]
[White "Kawaciukova, Zuzana"]
[Black "Sykora, Petr"]
[Result "0-1"]
[WhiteElo "2095"]
[BlackElo "2075"]
[PlyCount "70"]
[EventDate "2000.??.??"]
[EventType "team"]
[EventRounds "11"]
[EventCountry "CZE"]
[SourceTitle "EXT 2002"]
[Source "ChessBase"]
[SourceDate "2001.11.25"]
[SourceVersion "1"]
[SourceVersionDate "2001.11.25"]
[SourceQuality "1"]

1. e4 d6 2. d4 Nf6 3. Nc3 g6 4. f3 c6 5. Be3 Qa5 6. Qd2 Nbd7 7. Nge2 e5 8. a3 Be7 9. Bh6 Nf8 10. g3 Ne6 11. Bg2 Rg8 12. Be3 Bd7 13. b4 Qc7 14. Rb1 Rd8 15. d5 cxd5 16. exd5 Ng7 17. b5 Rc8 18. 0-0 Nf5 19. Bf2 Nd4 20. Bxd4 exd4 21. Qxd4 Qc5 22. Qxc5 Rxc5 23. Rfd1 Kf8 24. Rb3 Kg7 25. g4 Rgc8 26. Rd3 Bd8 27. Kf1 h5 28. h3 hxg4 29. fxg4 Ba5 30. Rf3 Be8 31. Rxf6 Bxc3 32. Nxc3 Rxc3 33. Rxd6 Rxc2 34. b6 Ra2 35. bxa7 Rc1# 0-1

[Event "EU-Cup (Women) 03rd Gr1"]
[Site "Wuppertal"]
[Date "1998.06.19"]
[Round "3"]
[White "Kawaciukova, Zuzana"]
[Black "Socko, Monika"]
[Result "1/2-1/2"]
[WhiteElo "2100"]
[BlackElo "2320"]
[PlyCount "88"]
[EventDate "1998.06.17"]
[EventType "team-tourn"]
[EventRounds "3"]
[EventCountry "GER"]
[SourceTitle "EXT 2020"]
[Source "ChessBase"]
[SourceDate "2019.10.17"]
[SourceVersion "1"]
[SourceVersionDate "2019.10.17"]
[SourceQuality "1"]
[WhiteTeam "Zizkov Viktoria (W)"]
[BlackTeam "Rybnik Hugart (W)"]
[WhiteTeamCountry "CZE"]
[BlackTeamCountry "POL"]

1. e4 e6 2. d4 d5 3. e5 c5 4. c3 Qb6 5. a3 Nc6 6. Nf3 Bd7 7. b4 cxd4 8. cxd4 Rc8 9. Be3 Nh6 10. Bd3 Ng4 11. 0-0 Be7 12. Ra2 Nxe3 13. fxe3 0-0 14. Raf2 Nd8 15. b5 Bxb5 16. Rb2 Ba4 17. Bxh7+ Kh8 18. Qe2 Qc7 19. Bd3 g6 20. h4 Kg7 21. Ng5 Bxg5 22. hxg5 Qe7 23. Qg4 Rh8 24. Rbf2 Rh5 25. Rf6 Bc2 26. Bxc2 Rxc2 27. Qf4 b5 28. e4 dxe4 29. Qxe4 Qc7 30. Qf4 a5 31. Nd2 Rc1 32. Ne4 Rxf1+ 33. Qxf1 Qd7 34. Qf2 b4 35. Rf3 Qc6 36. Qe3 bxa3 37. Nf6 Rh4 38. Qxa3 Rxd4 39. Rc3 Qb5 40. Rh3 Rd1+ 41. Kh2 Qxe5+ 42. Rg3 Nc6 43. Ne8+ Kg8 44. Nf6+ Kg7 1/2-1/2

[Event "CZE-chT1c 9697"]
[Site "Czech Republic"]
[Date "1997.??.??"]
[Round "?"]
[White "Brabec, Milan"]
[Black "Kawaciukova, Zuzana"]
[Result "0-1"]
[WhiteElo "2210"]
[BlackElo "2090"]
[PlyCount "54"]
[EventDate "1996.??.??"]
[EventType "team"]
[EventRounds "11"]
[EventCountry "CZE"]
[SourceTitle "EXT 1998"]
[Source "ChessBase"]
[SourceDate "1997.11.17"]
[SourceVersion "1"]
[SourceVersionDate "1997.11.17"]
[SourceQuality "1"]

1. e4 c5 2. f4 Nc6 3. Nf3 g6 4. d3 Bg7 5. c3 d5 6. e5 d4 7. cxd4 Nxd4 8. Be3 Qa5+ 9. Nbd2 f6 10. Bxd4 cxd4 11. Kf2 Nh6 12. h3 Nf5 13. Nc4 Qd5 14. exf6 Bxf6 15. Be2 0-0 16. Ncd2 Kh8 17. Ne4 Bg7 18. Qb3 Qxb3 19. axb3 Be6 20. b4 Ne3 21. g3 Bd5 22. Ra5 a6 23. Raa1 e5 24. fxe5 Bxe5 25. Ke1 Bxg3+ 26. Kd2 Bf4 27. Rag1 Rac8 0-1

[Event "Cappelle op 11th"]
[Site "Cappelle la Grande"]
[Date "1995.??.??"]
[Round "1"]
[White "Kawaciukova, Zuzana"]
[Black "Fonseca, Jose Luis"]
[Result "1-0"]
[WhiteElo "2110"]
[BlackElo "2290"]
[PlyCount "29"]
[EventDate "1995.03.??"]
[EventType "swiss"]
[EventRounds "9"]
[EventCountry "FRA"]
[SourceTitle "EXT 1997"]
[Source "ChessBase"]
[SourceDate "1996.11.15"]
[SourceVersion "1"]
[SourceVersionDate "1996.11.15"]
[SourceQuality "1"]

1. e4 Nc6 2. Nf3 d5 3. exd5 Qxd5 4. Nc3 Qd8 5. Bb5 Nf6 6. d4 e6 7. 0-0 Bd7 8. Bg5 Ne7 9. Bxd7+ Nxd7 10. Re1 h6 11. Bh4 g5 12. Bg3 Ng6 13. d5 Qf6 14. dxe6 fxe6 15. Nd5 1-0

[Event "SVK-ch"]
[Site "Trencin"]
[Date "1995.??.??"]
[Round "3"]
[White "Kawaciukova, Zuzana"]
[Black "Stajcic, Nikola"]
[Result "0-1"]
[WhiteElo "2080"]
[BlackElo "2325"]
[PlyCount "60"]
[EventDate "1995.??.??"]
[EventType "swiss"]
[EventRounds "11"]
[EventCountry "SVK"]
[SourceTitle "EXT 1997"]
[Source "ChessBase"]
[SourceDate "1996.11.15"]
[SourceVersion "1"]
[SourceVersionDate "1996.11.15"]
[SourceQuality "1"]

1. e4 e5 2. Nf3 Nc6 3. Bb5 a6 4. Ba4 Nf6 5. Qe2 b5 6. Bb3 Bc5 7. c3 d6 8. 0-0 0-0 9. d3 h6 10. Rd1 Bb6 11. Be3 Bxe3 12. fxe3 Qe7 13. Nbd2 Na5 14. Bc2 c5 15. Qe1 Nc6 16. a4 Bb7 17. Nh4 g6 18. Bb3 Kh7 19. h3 Na5 20. Bc2 d5 21. exd5 Nxd5 22. Ne4 f5 23. Nd2 Nxe3 24. Qxe3 Qxh4 25. Qxe5 Qg5 26. g4 Rae8 27. Qxc5 Qh4 28. Qc7+ Re7 29. Qh2 Re3 30. Qf2 Qxh3 0-1

[Event "SVK-ch"]
[Site "Trencin"]
[Date "1995.??.??"]
[Round "4"]
[White "Kohlman, Robert"]
[Black "Kawaciukova, Zuzana"]
[Result "0-1"]
[WhiteElo "2300"]
[BlackElo "2080"]
[PlyCount "50"]
[EventDate "1995.??.??"]
[EventType "swiss"]
[EventRounds "11"]
[EventCountry "SVK"]
[SourceTitle "EXT 1997"]
[Source "ChessBase"]
[SourceDate "1996.11.15"]
[SourceVersion "1"]
[SourceVersionDate "1996.11.15"]
[SourceQuality "1"]

1. Nf3 d5 2. g3 e6 3. Bg2 c5 4. d3 Bd6 5. 0-0 Nc6 6. c4 d4 7. e3 dxe3 8. fxe3 Nge7 9. Kh1 Ng6 10. d4 Qe7 11. Nc3 h5 12. Ne4 h4 13. Nfg5 f5 14. Nxd6+ Qxd6 15. g4 h3 16. Nxh3 Nh4 17. gxf5 Nxg2 18. Kxg2 exf5 19. e4 fxe4 20. Nf4 g5 21. Nh5 Qh6 22. Nf6+ Ke7 23. Nd5+ Kd8 24. Rf2 Qxh2+ 25. Kf1 Qh1+ 0-1

[Event "SVK-ch"]
[Site "Trencin"]
[Date "1995.??.??"]
[Round "9"]
[White "Pal, Peter"]
[Black "Kawaciukova, Zuzana"]
[Result "1-0"]
[WhiteElo "2285"]
[BlackElo "2080"]
[PlyCount "55"]
[EventDate "1995.??.??"]
[EventType "swiss"]
[EventRounds "11"]
[EventCountry "SVK"]
[SourceTitle "EXT 1997"]
[Source "ChessBase"]
[SourceDate "1996.11.15"]
[SourceVersion "1"]
[SourceVersionDate "1996.11.15"]
[SourceQuality "1"]

1. c4 e6 2. g3 g6 3. Bg2 Bg7 4. Nc3 c5 5. e4 Nc6 6. Nge2 a6 7. 0-0 d6 8. f4 Nge7 9. d3 Nd4 10. Be3 Nec6 11. Qd2 h5 12. Bh3 b5 13. e5 dxe5 14. Ne4 Nxe2+ 15. Qxe2 exf4 16. Bxf4 Bd4+ 17. Kh1 0-0 18. Bg2 Bb7 19. Nd6 Qb6 20. Qe4 Rac8 21. Bh6 Ba8 22. Rxf7 Ne5 23. Rg7+ Kh8 24. Nxc8 Bxe4 25. Nxb6 Bxg2+ 26. Kxg2 Ng4 27. Rh7+ Kxh7 28. Bxf8 1-0

[Event "Budapest FS04 IM (Women)"]
[Site "Budapest"]
[Date "1994.??.??"]
[Round "9"]
[White "Bognarne, Cinolter"]
[Black "Kawaciukova, Zuzana"]
[Result "1/2-1/2"]
[WhiteElo "2040"]
[BlackElo "2050"]
[PlyCount "102"]
[EventDate "1994.04.??"]
[EventType "tourn"]
[EventRounds "13"]
[EventCountry "HUN"]
[SourceTitle "EXT 1997"]
[Source "ChessBase"]
[SourceDate "1996.11.15"]
[SourceVersion "1"]
[SourceVersionDate "1996.11.15"]
[SourceQuality "1"]

1. e4 c5 2. Nf3 e6 3. d4 cxd4 4. Nxd4 a6 5. Be2 Nf6 6. Bf3 Nc6 7. 0-0 Qc7 8. Nxc6 dxc6 9. Nc3 Bd6 10. g3 Bd7 11. Be3 c5 12. Re1 Bc6 13. Bg2 h5 14. Nd5 exd5 15. exd5 Bd7 16. Bxc5+ Kf8 17. Bxd6+ Qxd6 18. c4 h4 19. Qd4 hxg3 20. hxg3 Rc8 21. Rac1 b6 22. a3 a5 23. Qd2 Ng4 24. b4 axb4 25. axb4 Qh6 26. Qxh6 Rxh6 27. c5 bxc5 28. bxc5 Be8 29. d6 Rg6 30. Red1 Rd8 31. Rd2 Ne5 32. f4 Nc6 33. Kf2 Re6 34. Bh3 Rh6 35. Bg4 Rh2+ 36. Ke3 Rxd2 37. Kxd2 g6 38. Ke3 f5 39. Bf3 Bd7 40. Ra1 Re8+ 41. Kd2 Nd4 42. Bd5 Be6 43. Bxe6 Nxe6 44. c6 Rd8 45. d7 Ke7 46. Ra6 Nc7 47. Ra1 Kd6 48. Rc1 Nb5 49. Ke3 Kc7 50. Rc5 Kb6 51. Rxb5+ Kxc6 1/2-1/2